Team USA Basketball JO 2021 - Statistiques

Statistiques générales
  • Ce quiz a été pris 36 fois
  • Le résultat moyen est 5 sur 16
Statistiques - réponses
Postes Joueurs % Correct
Ailier Kevin Durant
94%
Entraîneur Adjoint Steve Kerr
61%
Arrière Devin Booker
58%
Ailier Jayson Tatum
58%
Intérieur Bam Adebayo
45%
Coach Gregg Popovich
39%
Ailier Draymond Green
35%
Arrière Jrue Holiday
32%
Arrière Damian Lillard
23%
Ailier Khris Middleton
16%
Arrière Zach Lavine
16%
Intérieur Javale McGee
10%
Arrière Keldon Johnson
6%
Ailier Jerami Grant
3%
Assistant Coach Jay Wright
0%
Entraîneur Adjoint Lloyd Pierce
0%
Aucun quiz correspondant
Distribution des résultats
% des personnes avec chaque résultat
Percentile par nombre de réponses
Votre historique - résultats
Vous n’avez pas pris ce quiz